00910nam a2200205 a 450000100100000000500170001000800410002702000150006804000250008310000470010824501330015526001010028830000360038949000340042550000730045983000410053204900090057395201050058299900170068700003428820200930073624.0110929s2001 es 000 0 spa d a8479930209 aDO-SdBNPbspacBNPHU1 aMartínez Portilla, Isabel María95971513aEl refugio como escuela :bexperiencias organizativas de las mujeres guatemaltecas en México /cIsabel Ma Martínez Portilla. aEspaña :bUniversidad Internacional de Andalucía, Sede Iberoamericana de la Rábida,c2001. a179 p. :bil., retrs. ;c26 cm.1 aEncuentros Iberoamericanosv8 aIncluye referencias bibliográficas y notas al pie de las páginas 0aEncuentros Iberoamericanosv8959716 aBNPD 001050718MOaGRbGRcCTd2011-09-29iLF1l0o p34288-10r2020-06-25w2020-06-25y1ZNo se presta c33779d33779